000 002780000a22000970004500
100 1 _aChristian, Jayakumar (1954- )
245 1 0 _aSo what is poverty all about?
300 _aVol. 2, Num. 3 (Febrero-Abril, 2001), Páginas 5-7
773 0 _tHope for Children in Crisis
942 _cANA
999 _c55212
_d55212